000 00392nam a2200145Ia 4500
008 100204s9999 xx 000 0 und d
082 _b9989
100 _aकदम बा.
245 _aरानजाई
260 _b"शशीदीप प्रकाशन , पुणे"
_c1987
300 _a289
630 _aरानजाई
730 _aरानजाई
942 _cBOOK
999 _c454425
_d454422